Statistics for Pi Digits #16 1401-1500

Click here to take the quiz!

General Stats

  • This quiz has been taken 173 times
  • The average score is 12 of 20

Answer Stats

Digits% Correct
67823
100%
54781
93%
63600
80%
93417
80%
21641
73%
15030
67%
21992
67%
28618
67%
45863
67%
29745
60%
74983
60%
02955
47%
21079
47%
55706
47%
58692
47%
69956
47%
75093
47%
85054
47%
90927
47%
94588
47%

Score Distribution

Percentile by Number Answered

Percent of People with Each Score

Your Score History

You have not taken this quiz